Digital communications (Record no. 956)

000 -LEADER
fixed length control field 00508nam a2200205 a 4500
001 - CONTROL NUMBER
control field 956
003 - CONTROL NUMBER IDENTIFIER
control field BD-DhUET
008 - FIXED-LENGTH DATA ELEMENTS--GENERAL INFORMATION
fixed length control field 860516s1986 inua b 001 0 eng
020 ## - INTERNATIONAL STANDARD BOOK NUMBER
International Standard Book Number 0071181830
040 ## - CATALOGING SOURCE
Original cataloging agency DLC
Transcribing agency DLC
Modifying agency BD-DhUET
082 00 - DEWEY DECIMAL CLASSIFICATION NUMBER
Classification number 623.8
Item number PRO/2001
100 ## - MAIN ENTRY--PERSONAL NAME
Personal name Proakis, John G.
245 00 - TITLE STATEMENT
Title Digital communications
250 ## - EDITION STATEMENT
Edition statement 4th ed.
260 ## - PUBLICATION, DISTRIBUTION, ETC. (IMPRINT)
Place of publication, distribution, etc. Boston
Name of publisher, distributor, etc. McGraw-Hill
Date of publication, distribution, etc. 2001
300 ## - PHYSICAL DESCRIPTION
Extent xxi,1002p..
504 ## - BIBLIOGRAPHY, ETC. NOTE
Bibliography, etc Includes bibliographies

650 #0 - SUBJECT ADDED ENTRY--TOPICAL TERM
Topical term or geographic name as entry element Digital communications.
942 ## - ADDED ENTRY ELEMENTS (KOHA)
Koha item type General Book
Holdings
Withdrawn status Koha issues (times borrowed) Damaged status Lost status Koha normalized classification for sorting Location (home branch) Koha date last borrowed Piece designation (barcode) Price effective from Koha item type Koha date last seen Not for loan Shelving location Sublocation or collection (holding branch) Source of classification or shelving scheme Koha full call number Copy number Date acquired
    623_000000000000000_8PRO2001Central Library, BUET 1033422014-08-26General Book2014-08-26 Circulation sectionCentral Library, BUET 623.8/PRO/200112014-08-26
    623_000000000000000_8PRO2001Central Library, BUET 1033442014-08-26General Book2017-07-30 Circulation sectionCentral Library, BUET 623.8/PRO/200122014-08-26
    623_000000000000000_8PRO2001Central Library, BUET 1033452014-08-26General Book2015-06-08 Circulation sectionCentral Library, BUET 623.8/PRO/200132014-08-26
 1  623_000000000000000_8PRO2001Central Library, BUET2015-05-201033462014-08-26General Book2015-08-18 Circulation sectionCentral Library, BUET 623.8/PRO/200142014-08-26
    623_000000000000000_8PRO2001Central Library, BUET 1033472014-08-26General Book2014-08-26 Circulation sectionCentral Library, BUET 623.8/PRO/200152014-08-26
 2  623_000000000000000_8PRO2001Central Library, BUET2018-08-061033482014-08-26General Book2018-08-29 Circulation sectionCentral Library, BUET 623.8/PRO/200162014-08-26
 1  623_000000000000000_8PRO2001Central Library, BUET2018-08-291033492014-08-26General Book2018-09-11 Circulation sectionCentral Library, BUET 623.8/PRO/200172014-08-26
    623_000000000000000_8PRO2001Central Library, BUET 1033502014-08-26General Book2015-08-16 Circulation sectionCentral Library, BUET 623.8/PRO/200182014-08-26
    623_000000000000000_8PRO2001Central Library, BUET 1076742014-08-26General Book2015-03-01 Circulation sectionCentral Library, BUET 623.8/PRO/200192014-08-26
 1  623_800000000000000_PRO_2001Central Library, BUET2018-08-281033432017-05-16General Book2018-09-09 Circulation sectionCentral Library, BUET 623.8/PRO/2001102007-05-07